|
|
|
|
| LEADER |
00000cam a2200000 a 4500 |
| 001 |
vtls008395536 |
| 003 |
SK-MaSNL |
| 005 |
20260301123557.0 |
| 008 |
230403s1953 xo oa ern 000 0 slo |
| 015 |
|
|
|a SNBA19451955-010586
|
| 020 |
|
|
|q (viazané)
|
| 035 |
|
|
|a SK01SNKBKSFS20010087753
|
| 035 |
|
|
|a urn:nbn:sk:snk-am3icxy
|
| 035 |
|
|
|a urn:nbn:sk:snk-am00e3uc
|
| 035 |
|
|
|a AC93FF87-8E20-40FE-BD0C-B1F852C34286
|
| 035 |
|
|
|a SKM000090216
|
| 040 |
|
|
|a SNK
|b slo
|c SNK
|e AACR2
|
| 041 |
1 |
|
|a slo
|h cze
|
| 044 |
|
|
|a xo
|c SK
|
| 080 |
|
|
|a 5
|2 1981
|
| 245 |
0 |
0 |
|a Sborník vybraných článkov z časopisu Přírodní vĕdy ve škole
|n Diel II.
|c výber článkov urobila redakčná rada časopisu Přírodní vĕdy ve škole za redakcie J. Fraňu ; preložil prekladateľský kolektív
|
| 250 |
|
|
|a Vydanie prvé
|
| 260 |
|
|
|a Bratislava
|b Slovenské pedagogické nakladateľstvo
|c 1953
|e Prešov
|f Dukelské tlačiarne
|
| 300 |
|
|
|a 347 strán
|b fotografie, ilustrácie
|c 25 cm
|
| 366 |
|
|
|e 8000 kusov
|
| 500 |
|
|
|a Pravdepodobne preložené z češtiny
|
| 504 |
|
|
|a Obsahuje bibliografiu na strane 329-347 ; poznámky
|
| 630 |
0 |
7 |
|a Přírodní vědy ve škole (časopis)
|2 SNKPH
|9 470720
|
| 650 |
0 |
7 |
|a prírodné vedy
|2 SNKPH
|9 694
|
| 655 |
|
7 |
|a články
|2 SNKPH
|9 70601
|
| 655 |
|
7 |
|a výbery
|2 SNKPH
|9 67620
|
| 655 |
|
7 |
|a zborníky
|2 SNKPH
|9 70165
|
| 700 |
1 |
|
|a Fraňo, J.
|4 red
|9 350191
|
| 852 |
|
|
|a Slovenská národná knižnica
|
| 954 |
|
|
|a odborná, vedecká literatúra cudzojazyčná (svetová)
|2 lita
|
| 958 |
|
|
|a OND
|
| 958 |
|
|
|a RK
|
| 958 |
|
|
|a TL
|
| 958 |
|
|
|a ZB
|
| 958 |
|
|
|a OP
|
| 958 |
|
|
|a EUIPO
|
| 968 |
|
|
|b CZE
|
| 999 |
|
|
|c 736745
|d 738675
|
| 952 |
|
|
|a SNK
|b SNK
|y PREZ
|7 0
|p 17A0760412
|o snkSC 5015/2
|i snk181/54
|0 0
|1 0
|4 0
|d 2019-03-06
|f 1
|l 0
|r 2025-07-04 00:00:00
|w 2026-02-23
|
| 952 |
|
|
|a SNK
|b SNK
|y VYP
|7 0
|p 17A1154359
|o snkSC 5015/2 D1
|i snkI. 1298/54
|0 0
|1 0
|4 0
|d 2019-04-01
|l 0
|r 2026-02-23 22:46:58
|w 2026-02-23
|